Refrigeration and Air-conditioning (Record no. 794)

MARC details
000 -LEADER
fixed length control field 00359nam a2200145Ia 4500
008 - FIXED-LENGTH DATA ELEMENTS--GENERAL INFORMATION
fixed length control field 191201s2005 xx 000 0 und d
082 ## - DEWEY DECIMAL CLASSIFICATION NUMBER
Classification number 621.57
Item number MAR
100 ## - MAIN ENTRY--PERSONAL NAME
Personal name PRASAD, Manohar
245 #0 - TITLE STATEMENT
Title Refrigeration and Air-conditioning
250 ## - EDITION STATEMENT
Edition statement 2nd
260 ## - PUBLICATION, DISTRIBUTION, ETC. (IMPRINT)
Place of publication, distribution, etc N.Delhi
Name of publisher, distributor, etc New Age International
Date of publication, distribution, etc 2005
300 ## - PHYSICAL DESCRIPTION
Extent 646
650 ## - SUBJECT ADDED ENTRY--TOPICAL TERM
Topical term or geographic name as entry element B.Tech(ME)
942 ## - ADDED ENTRY ELEMENTS (KOHA)
Source of classification or shelving scheme Dewey Decimal Classification
Koha item type Text Books
Holdings
Withdrawn status Lost status Source of classification or shelving scheme Damaged status Not for loan Collection code Home library Current library Date acquired Source of acquisition Cost, normal purchase price Bill Number Total Checkouts Full call number Acc. no. / Barcode Date last seen Bill Date Koha item type Date last borrowed
    Dewey Decimal Classification     B.Tech(ME) PIET C-LIBRARY PIET C-LIBRARY 06/08/2006 M/s UBS Publishers, New Delhi 235.00 125418   621.57 PRR 79 04/12/2019 18/08/2005 Text Books  
    Dewey Decimal Classification     B.Tech(ME) PIET C-LIBRARY PIET C-LIBRARY 06/08/2006 M/s UBS Publishers, New Delhi 235.00 125418 1 621.57 MAR 80 10/02/2025 18/08/2005 Text Books 17/02/2020
    Dewey Decimal Classification     B.Tech(ME) PIET C-LIBRARY PIET C-LIBRARY 06/08/2006 M/s UBS Publishers, New Delhi 235.00 125418   621.57 MAR 81 04/12/2019 18/08/2005 Text Books  
    Dewey Decimal Classification     B.Tech(ME) PIET C-LIBRARY PIET C-LIBRARY 06/04/2009 J B C, New Delhi 235.00 SI-6329   621.57 PRR 12243 04/12/2019 14/03/2009 Text Books  
    Dewey Decimal Classification     B.Tech(ME) PIET C-LIBRARY PIET C-LIBRARY 06/04/2009 J B C, New Delhi 235.00 SI-6329   621.57 PRR 12244 04/12/2019 14/03/2009 Text Books  
    Dewey Decimal Classification     B.Tech(ME) PIET C-LIBRARY PIET C-LIBRARY 06/04/2009 J B C, New Delhi 235.00 SI-6329   621.57 PRR 12245 04/12/2019 14/03/2009 Text Books  
    Dewey Decimal Classification     B.Tech(ME) PIET C-LIBRARY PIET C-LIBRARY 06/04/2009 J B C, New Delhi 235.00 SI-6329   621.57 PRR 12246 31/08/2020 14/03/2009 Text Books  
    Dewey Decimal Classification     B.Tech(ME) PIET C-LIBRARY PIET C-LIBRARY 06/04/2009 J B C, New Delhi 235.00 SI-6329   621.57 PRR 12247 04/12/2019 14/03/2009 Text Books  

Design & Developed by: PIET Central Library
R70 Miles Stone Pattikalyana Samalkha Panipat 132102
mail ID :- [email protected], Phone No:- 0180-2569700 Ex.216